000 00977nmm a2200325 a 4500
001 ocm0001864652
003 TR-IsHL
005 20201028171821.0
008 180402s2017 tu tur
007 cr cn
020 _a9786055365202
035 _a1864652
_b(N$T)
050 0 4 _aLB1050
_b.Y39 2017
090 0 4 _aLB1050
_b.Y39 2017
100 1 _aYaylamaz, Selahattin
245 1 0 _aOkuma zekası (RIQ)
_h[electronic resource] /
_cSelahattin Yaylamaz ; editör Erol Şahnacı
250 _aOndokuzuncu basım
260 _aİstanbul :
_bHayat Yayınları,
_c2017
300 _a167 p.
500 _aKaynakça var.
_x
650 4 _aEğitim
650 4 _aEducation
650 0 _aBellek
650 0 _aMemories
650 0 _aOkuma
650 0 _aReading
650 7 _aLANGUAGE ARTS & DISCIPLINES / Reading Skills
_2bisacsh
700 1 _aŞahnacı, Erol
856 4 0 _uhttp://search.ebscohost.com/login.aspx?direct=true&scope=site&db=e011xww&AN=1864652
999 _c16892
_d16892